| 000 | 00493nam a2200121u 4500 | ||
|---|---|---|---|
| 082 |
_a681.2 _bMAR _cL-24, P-8 |
||
| 100 | 1 |
_aMarshall, Alfred William. [from old catalog] _945069 |
|
| 245 | 0 | 0 |
_aMicrometers, slide gauges and calipers, principles, construction, operation and use of appliances for fine mechanical measurements, _bAlfred w. marshall, |
| 260 |
_aLondon, _bP. Marshall & co., ltd. _c[1939] |
||
| 300 |
_a76 p. _c19 cm. |
||
| 526 |
_a0 _b0 _c0 _d681_200000000000000_MAR |
||
| 942 |
_2ddc _cBK |
||
| 999 |
_c548671 _d548671 |
||